Second report of the board on organisation (Record no. 498507)

000 -LEADER
fixed length control field 00376cam a22001097a 4500
008 - FIXED-LENGTH DATA ELEMENTS--GENERAL INFORMATION
fixed length control field 180718b1972 xxu||||| |||| 00| 0 eng d
082 ## - DEWEY DECIMAL CLASSIFICATION NUMBER
Classification number W1x42 Un30
245 ## - TITLE STATEMENT
Title Second report of the board on organisation
Statement of responsibility, etc. by British Railways Board, United Kingdom
260 ## - PUBLICATION, DISTRIBUTION, ETC.
Place of publication, distribution, etc. London
Name of publisher, distributor, etc. Her Majesty's Stationery Office
Date of publication, distribution, etc. 1972
300 ## - PHYSICAL DESCRIPTION
Extent 15p.
700 ## - ADDED ENTRY--PERSONAL NAME
Personal name United Kingdom. British Railways Board
Holdings
Withdrawn status Lost status Damaged status Not for loan Permanent Location Current Location Date acquired Full call number Barcode Date last seen Price effective from Koha item type
        Indian Institute of Public Administration Indian Institute of Public Administration 2018-08-04 W1x42 Un30 G11428 2018-08-04 2018-08-04 G

Powered by Koha